Statistics for Phantom Dancing Lyrics

Click here to take the quiz!

General Stats

  • This quiz has been taken 11 times
  • The average score is 133 of 157

Answer Stats

Answer% Correct
a
100%
me?
100%
me.
100%
me
100%
across
89%
alone.
89%
Any
89%
anybody
89%
around
89%
can
89%
could
89%
dancing,
89%
darkness
89%
Deep
89%
do
89%
every
89%
Every
89%
falls
89%
Give
89%
go.
89%
go!
89%
hand.
89%
help
89%
here
89%
Here
89%
I
89%
know
89%
make,
89%
Mamma
89%
mansion,
89%
Mario!
89%
mia.
89%
move
89%
Murky
89%
must
89%
my
89%
no,
89%
no.
89%
No
89%
Nobody
89%
Oh,
89%
part.
89%
Phantom
89%
quiet.
89%
riot.
89%
So
89%
so
89%
start
89%
take
89%
the
89%
these
89%
They're
89%
to
89%
watching
89%
wherever
89%
all
78%
All
78%
art.
78%
away.
78%
be
78%
brother
78%
by
78%
cold,
78%
Day
78%
day.
78%
feel
78%
free!
78%
ghosts
78%
guess
78%
have
78%
home.
78%
idea!
78%
I'll
78%
it
78%
just
78%
land.
78%
moment
78%
now
78%
now,
78%
of
78%
professor's
78%
stand.
78%
stay
78%
want
78%
we
78%
We
78%
beckons.
67%
Deliverance
67%
fears
67%
For
67%
freedom.
67%
heart.
67%
lifeless
67%
on
67%
prey
67%
second,
67%
Still
67%
Vacuuming
67%
works
67%
shall
56%
set
44%

Score Distribution

Percentile by Number Answered

Percent of People with Each Score

Your Score History

You have not taken this quiz